El mundo del arte /

El autor intenta en este ensayo diseñar una combinación síntesis que ofrezca algunos de los rasgos mas esenciales en cada una de las artes del hombre, desde la literatura hasta el teatro, desde la pintura, la escultura y la arquitectura hasta música, valorando incluso sumariamente lo que en este con...

Ful tanımlama

Kaydedildi:
Detaylı Bibliyografya
Materyal Türü: Kitap
Dil:İspanyolca
Baskı/Yayın Bilgisi: Barcelona, España : Herder, 1961
Konular:
Etiketler: Etiketle
Etiket eklenmemiş, İlk siz ekleyin!

MARC

LEADER 00000nam^a2200000^a^4500
001 000000954
005 20250521000000.0
009 20260310083048.507
037 |a Acervo ITESO - Biblioteca 
041 |a ESP 
082 |a 101.  |b HER 
245 1 3 |a El mundo del arte /  |c Herder ; tr. por E. Valentí. 
264 1 |a Barcelona, España :  |b Herder,  |c 1961 
300 |a 111 p. 
336 |a texto  |b txt  |2 rdacontenido 
337 |a sin mediación  |b n  |2 rdamedio 
338 |a volumen  |b nc  |2 rdasoporte 
500 |a Traducción de: Die Welt der Kunst 
520 |a El autor intenta en este ensayo diseñar una combinación síntesis que ofrezca algunos de los rasgos mas esenciales en cada una de las artes del hombre, desde la literatura hasta el teatro, desde la pintura, la escultura y la arquitectura hasta música, valorando incluso sumariamente lo que en este contexto representa la danza y el cine. 
649 |a XX 
650 |a Arte -  |x Historia y Crítica 
650 |a Arte -  |x Teoría 
650 |a Arte -  |x Teoría 
910 |a Fondo General 
920 |a Impresos - Libros 
930 |a Colección General 
905 |a 101 
901 |a 0009540100  |b IT1  |c ACC  |i 000954  |u 20250521 
902 |a https://opac.biblio.iteso.mx/vufind/Record/000000954